Elementary Modern Physics (Record no. 639)
[ view plain ]
| 000 -LEADER | |
|---|---|
| fixed length control field | 00348nam a2200145Ia 4500 |
| 008 - FIXED-LENGTH DATA ELEMENTS--GENERAL INFORMATION | |
| fixed length control field | 191201s1963 xx 000 0 und d |
| 082 ## - DEWEY DECIMAL CLASSIFICATION NUMBER | |
| Classification number | 530 |
| Item number | WEE |
| 100 ## - MAIN ENTRY--PERSONAL NAME | |
| Personal name | WEIDNER,Richard T |
| 245 #0 - TITLE STATEMENT | |
| Title | Elementary Modern Physics |
| 250 ## - EDITION STATEMENT | |
| Edition statement | 6th Printing |
| 260 ## - PUBLICATION, DISTRIBUTION, ETC. (IMPRINT) | |
| Place of publication, distribution, etc | Boston |
| Name of publisher, distributor, etc | Allyn and Bacon |
| Date of publication, distribution, etc | 1963 |
| 300 ## - PHYSICAL DESCRIPTION | |
| Extent | 513 |
| 650 ## - SUBJECT ADDED ENTRY--TOPICAL TERM | |
| Topical term or geographic name as entry element | Applied |
| 942 ## - ADDED ENTRY ELEMENTS (KOHA) | |
| Source of classification or shelving scheme | Dewey Decimal Classification |
| Koha item type | Text Books |
| Withdrawn status | Lost status | Source of classification or shelving scheme | Damaged status | Not for loan | Collection code | Home library | Current library | Date acquired | Source of acquisition | Bill Number | Total Checkouts | Full call number | Acc. no. / Barcode | Date last seen | Bill Date | Koha item type | Public note |
|---|---|---|---|---|---|---|---|---|---|---|---|---|---|---|---|---|---|
| Dewey Decimal Classification | Applied Sc. | PIET C-LIBRARY | PIET C-LIBRARY | 05/10/2010 | Donated by N.D.SHARMA | Donated by N.D.SHARMA | 530 WEE | 16589 | 04/12/2019 | 27/09/2010 | Text Books | Donated By N.d.sharma | |||||
| Dewey Decimal Classification | Applied Sc. | PIET C-LIBRARY | PIET C-LIBRARY | 05/10/2010 | Donated by N.D.SHARMA | Donated by N.D.SHARMA | 530 WEE | 16590 | 04/12/2019 | 27/09/2010 | Text Books | Donated By N.d.sharma |